Lóndres [sic] y Catamarca (Record no. 156876)
[ view plain ]
| 000 -LEADER | |
|---|---|
| campo de control de longitud fija | 00878nam a22002055i 4500 |
| 001 - NÚMERO DE CONTROL | |
| campo de control | 156876 |
| 003 - IDENTIFICADOR DE NÚMERO DE CONTROL | |
| campo de control | ES-MaACL |
| 005 - FECHA Y HORA DE LA ÚLTIMA TRANSACCIÓN | |
| campo de control | 20230906210523.0 |
| 008 - DATOS DE LONGITUD FIJA--INFORMACIÓN GENERAL | |
| campo de control de longitud fija | 990120s1888 ag a |||| | spa d |
| 040 ## - FUENTE DE CATALOGACIÓN | |
| Centro catalogador/agencia de origen | CCPB | B |
| Lengua de catalogación | spa |
| Centro/agencia transcriptor | CCPB | B |
| 100 1# - ENTRADA PRINCIPAL--NOMBRE DE PERSONA | |
| Nombre de persona | Lafone Quevedo, Samuel A. |
| 9 (RLIN) | 69503 |
| 245 10 - MENCIÓN DEL TÍTULO | |
| Título | Lóndres [sic] y Catamarca |
| Resto del título | : cartas á ¨La Nacion¨ : 1883-84 y 85 / |
| Mención de responsabilidad, etc. | por Samuel A. Lafone y Quevedo ; (con apéndices y un mapa histórico). |
| 260 ## - PUBLICACIÓN, DISTRIBUCIÓN, ETC. | |
| Lugar de publicación, distribución, etc. | Buenos Aires : |
| Nombre del editor, distribuidor, etc. | Imprenta y Librería de Mayo, |
| Fecha de publicación, distribución, etc. | 1888. |
| 300 ## - DESCRIPCIÓN FÍSICA | |
| Extensión | XV, 407, [1] p., [1] h. de lám, [1] h. pleg. de lám., [1] h. pleg. de map. ; |
| Dimensiones | 20 cm. |
| 597 ## - NOTA DE DESCRIPCIÓN FÍSICA | |
| NOTA DE DESCRIPCIÓN FÍSICA | Antep. |
| 597 ## - NOTA DE DESCRIPCIÓN FÍSICA | |
| NOTA DE DESCRIPCIÓN FÍSICA | Port. con esc. xil. de la ciudad de S. Fernando de Catamarca. |
| 651 ## - PUNTO DE ACCESO ADICIONAL DE MATERIA--NOMBRE GEOGRÁFICO | |
| Nombre geográfico | Londres (Argentina)- |
| Subdivisión general | Descripción. |
| 9 (RLIN) | 137248 |
| 651 ## - PUNTO DE ACCESO ADICIONAL DE MATERIA--NOMBRE GEOGRÁFICO | |
| Nombre geográfico | Catamarca (Argentina)- |
| Subdivisión general | Descripción. |
| 9 (RLIN) | 137088 |
| 852 ## - LOCALIZACIÓN | |
| Ubicación | ES-MaACL |
| Número de control de estantería | G-7596 |
| Nota libre | -- Enc. pasta |
| Estatus retirado | Estado de pérdida | Estado de daño | No para préstamo | Colección | Biblioteca de origen | Biblioteca actual | Ubicación en estantería | Fecha de adquisición | Fuente de adquisición | Total de préstamos | Signatura topográfica completa | Código de barras | Visto por última vez | Precio de reemplazo | Tipo de ítem Koha |
|---|---|---|---|---|---|---|---|---|---|---|---|---|---|---|---|
| Libros del s. XIX | Biblioteca del Ateneo de Madrid | Biblioteca del Ateneo de Madrid | Sala Pecera Planta 3 | 17/01/2008 | G-7596 | 1164131 | 23/02/2023 | 23/02/2023 | Libro impreso antiguo |
